[Event "26th 4NCL Congress"]
[Site "Woodland Grange, Leamington Spa"]
[Date "2021.09.10"]
[Round "1"]
[Board "1"]
[White "Hebden, Mark L"]
[Black "Ireland, David J"]
[Result "1-0"]
[WhiteElo "2544"]
[BlackElo "2080"]
[PlyCount "73"]
[EventDate "2021.09.10"]
[EventRounds "5"]
[EventCountry "ENG"]

{[%evp 0,73,19,38,40,41,66,66,57,33,33,27,82,63,47,47,26,19,14,1,4,12,12,17,36,
35,31,29,47,9,-53,-40,112,89,117,83,94,47,55,40,34,28,31,33,28,23,41,40,48,27,
40,48,67,53,67,68,75,46,87,92,130,125,124,136,137,130,137,138,137,137,137,122,
154,136,154,76]} 1. e4 c5 2. Nf3 d6 3. d4 cxd4 4. Nxd4 Nf6 5. Nc3 g6 6. Bc4 Bg7
7. O-O O-O 8. Re1 Nc6 9. h3 Bd7 10. Bb3 Na5 11. Bg5 Nxb3 12. axb3 h6 13. Be3 a6
14. Nd5 Nxe4 15. Nf3 Nc5 16. Nxe7+ Qxe7 17. Bxc5 Qf6 18. Bd4 Qf4 19. Bxg7 Kxg7
20. Qd4+ Qxd4 21. Nxd4 Rfe8 22. b4 g5 23. Red1 Rad8 24. c3 f5 25. Ra5 Kf6 26.
Rd5 Be6 27. Nxe6 Rxe6 28. b5 Re2 29. bxa6 Rxb2 30. Rxd6+ Rxd6 31. Rxd6+ Ke5 32.
Rxh6 bxa6 33. Rxa6 Rc2 34. Rc6 g4 35. hxg4 fxg4 36. g3 Ke4 37. Rf6  1-0

[Event "26th 4NCL Congress"]
[Site "Woodland Grange, Leamington Spa"]
[Date "2021.09.10"]
[Round "1"]
[Board "2"]
[White "Stubbs, Oliver"]
[Black "Clarke, Brandon Gi"]
[Result "0-1"]
[WhiteElo "2073"]
[BlackElo "2520"]
[PlyCount "132"]
[EventDate "2021.09.10"]
[EventRounds "5"]
[EventCountry "ENG"]

1. d4 Nf6 2. Nf3 g6 3. Bf4 Bg7 4. e3 O-O 5. h3 d6 6. Be2 c5 7. O-O Qb6 8. Nbd2
Be6 9. Ng5 Bd7 10. Nc4 Qc7 11. a4 h6 12. Nf3 Be6 13. Ncd2 cxd4 14. exd4 Nc6 15.
c3 Qb6 16. Qc1 Rac8 17. Nc4 Bxc4 18. Bxc4 Kh7 19. Re1 Na5 20. Ba2 e6 21. Qd2
Rfd8 22. Qe2 Qc6 23. Nd2 b6 24. Qb5 Qb7 25. Nc4 Qc7 26. Nxa5 bxa5 27. Re2 Rb8
28. Qa6 Qb6 29. Qxb6 Rxb6 30. Rae1 Rdb8 31. Bc1 h5 32. Rc2 d5 33. Ree2 Bh6 34.
Bxh6 Kxh6 35. g3 Rc6 36. f4 Ne4 37. g4 Kg7 38. Rg2 h4 39. Rce2 Kf6 40. Kh2 Ke7
41. Re1 Rcb6 42. Ree2 Kd6 43. Rc2 Ng3 44. Rcf2 R6b7 45. Bb1 f5 46. Bd3 Rg8 47.
Kg1 Rf7 48. Kh2 Ne4 49. Bxe4 fxe4 50. g5 Rgf8 51. Rg4 e3 52. Re2 Rxf4 53. Rxf4
Rxf4 54. Kg2 Rf5 55. Rxe3 Rxg5+ 56. Kf2 Rf5+ 57. Kg2 e5 58. dxe5+ Rxe5 59. Kf3
Rxe3+ 60. Kxe3 Ke5 61. b3 g5 62. Kf3 Kf5 63. c4 d4 64. c5 Ke5 65. c6 Kd6 66.
Kg4 Kxc6  0-1

[Event "26th 4NCL Congress"]
[Site "Woodland Grange, Leamington Spa"]
[Date "2021.09.10"]
[Round "1"]
[Board "3"]
[White "Wells, Peter K"]
[Black "Moyse, Nigel J"]
[Result "1-0"]
[WhiteElo "2428"]
[BlackElo "2067"]
[PlyCount "104"]
[EventDate "2021.09.10"]
[EventRounds "5"]
[EventCountry "ENG"]

{[%evp 0,41,28,14,30,-14,51,44,37,37,38,45,45,45,52,29,26,26,7,5,103,78,118,
180,189,149,146,146,186,187,158,148,142,150,149,167,214,221,214,226,234,244,
239,212]} 1. d4 Nf6 2. c4 g6 3. Nc3 Bg7 4. e4 d6 5. Nf3 O-O 6. Be2 e5 7. Be3
Ng4 8. Bg5 f6 9. Bh4 c6 10. c5 Be6 11. cxd6 Qxd6 12. h3 Nh6 13. dxe5 Qxd1+ 14.
Rxd1 fxe5 15. Ng5 Bc8 16. Bc4+ Kh8 17. O-O b5 18. Nxb5 cxb5 19. Bd5 Nc6 20.
Bxc6 Rb8 21. Rd6 Nf7 22. Nxf7+ Rxf7 23. Rfd1 Rf8 24. Bd8 Bb7 25. Be7 Rg8 26.
Bxb7 Rxb7 27. Rd7 Rxd7 28. Rxd7 Ra8 29. Kf1 Kg8 30. Ke2 Rc8 31. Kd3 a6 32. Rd6
Rc7 33. Bg5 a5 34. Rd5 Rb7 35. Bd2 a4 36. Bc3 b4 37. Bxe5 b3 38. axb3 a3 39.
bxa3 Bxe5 40. Rxe5 Rxb3+ 41. Ke2 Rxa3 42. Rd5 Ra7 43. Ke3 Kf7 44. f4 Ra3+ 45.
Rd3 Ra7 46. g4 Ke6 47. e5 Ra2 48. Rd6+ Ke7 49. f5 Rh2 50. f6+ Ke8 51. e6 Rxh3+
52. Ke4 Ra3  1-0

[Event "26th 4NCL Congress"]
[Site "Woodland Grange, Leamington Spa"]
[Date "2021.09.10"]
[Round "1"]
[Board "4"]
[White "Cannon, Richard J"]
[Black "Han, Yichen"]
[Result "1-0"]
[WhiteElo "2058"]
[BlackElo "2402"]
[PlyCount "109"]
[EventDate "2021.09.10"]
[EventRounds "5"]
[EventCountry "ENG"]

1. e4 e5 2. Nc3 Nf6 3. f4 d5 4. fxe5 Nxe4 5. Qf3 Nc6 6. Bb5 Nxc3 7. dxc3 a6 8.
Bxc6+ bxc6 9. Qg3 Qd7 10. Be3 Qg4 11. Ne2 Qxg3+ 12. Nxg3 g6 13. O-O Bg7 14. Bc5
h5 15. h4 Bf8 16. Bxf8 Rxf8 17. Rf6 Be6 18. Ne2 Kd7 19. Raf1 Rae8 20. Nd4 Rg8
21. Nf3 Rg7 22. Ng5 Re7 23. b4 c5 24. a4 cxb4 25. cxb4 Kc8 26. c3 Bf5 27. Re1
Kb7 28. Kf2 Ka7 29. Kf3 c5 30. b5 axb5 31. axb5 Kb8 32. b6 d4 33. cxd4 cxd4 34.
Kf4 d3 35. Rd1 Rd7 36. Rd6 Rxd6 37. exd6 Rg8 38. Ke5 Kb7 39. Nxf7 Kxb6 40. Kd5
Re8 41. Ne5 Be6+ 42. Kd4 Rd8 43. Rb1+ Ka6 44. Kc5 Rf8 45. Nxd3 Bf5 46. Rb3 Be6
47. Nb4+ Kb7 48. Nd5+ Ka7 49. Ra3+ Kb7 50. Rb3+ Ka7 51. Re3 Re8 52. Nc7 Bf5 53.
Kc6 Rd8 54. Ra3+ Kb8 55. Ra8#  1-0

[Event "26th 4NCL Congress"]
[Site "Woodland Grange, Leamington Spa"]
[Date "2021.09.10"]
[Round "1"]
[Board "5"]
[White "Ledger, Andrew J"]
[Black "Elwin, Adrian G"]
[Result "1/2-1/2"]
[WhiteElo "2373"]
[BlackElo "2043"]
[PlyCount "71"]
[EventDate "2021.09.10"]
[EventRounds "5"]
[EventCountry "ENG"]

1. Nf3 Nf6 2. c4 c5 3. Nc3 Nc6 4. g3 d6 5. Bg2 e5 6. O-O Be7 7. d3 O-O 8. a3 h6
9. Rb1 a5 10. Ne1 Be6 11. Nd5 Rc8 12. Nc2 Nd4 13. Nxd4 cxd4 14. Bd2 Nxd5 15.
cxd5 Bd7 16. e3 dxe3 17. fxe3 f5 18. b4 Bb5 19. Bc3 e4 20. Rc1 Bxd3 21. Rf2
axb4 22. axb4 Qb6 23. Qe1 Qb5 24. Bd4 Qxd5 25. Rc7 Bf6 26. Bxf6 Rxf6 27. g4
Rcf8 28. gxf5 Rxf5 29. Rxf5 Rxf5 30. Qg3 Rf7 31. Rc8+ Kh7 32. h4 Qf5 33. Rd8
Rf6 34. Rxd6 Rxd6 35. Qxd6 Qf6 36. Qd5  1/2-1/2

[Event "26th 4NCL Congress"]
[Site "Woodland Grange, Leamington Spa"]
[Date "2021.09.10"]
[Round "1"]
[Board "6"]
[White "Gomez, Daniel"]
[Black "Bradbury, Neil H"]
[Result "0-1"]
[WhiteElo "2040"]
[BlackElo "2339"]
[PlyCount "80"]
[EventDate "2021.09.10"]
[EventRounds "5"]
[EventCountry "ENG"]

1. e4 c5 2. Nf3 e6 3. c4 Nc6 4. Nc3 a6 5. d4 cxd4 6. Nxd4 Qc7 7. Nc2 Nf6 8. Be2
Be7 9. Be3 O-O 10. Qd2 Ne5 11. b3 Rd8 12. f3 d6 13. O-O Bd7 14. Rac1 b6 15.
Rfd1 Qb7 16. f4 Ng6 17. Nd4 b5 18. cxb5 axb5 19. Ndxb5 Nxe4 20. Nxe4 Bxb5 21.
Bf3 d5 22. Nc5 Qb8 23. a4 Be8 24. a5 Bxc5 25. Bxc5 Qxb3 26. Rc3 Qa4 27. Bb6
Rdc8 28. g3 Ne7 29. Rb1 h6 30. Bg2 Nf5 31. Bf1 Nd6 32. Rxc8 Rxc8 33. Qb4 Qc6
34. Bd4 Nc4 35. a6 Qxa6 36. f5 e5 37. Bxe5 Qa7+ 38. Kh1 Nxe5 39. Rd1 f6 40. Bg2
Bf7  0-1

[Event "26th 4NCL Congress"]
[Site "Woodland Grange, Leamington Spa"]
[Date "2021.09.10"]
[Round "1"]
[Board "7"]
[White "Tiruchirapalli, Venkataramanan"]
[Black "Jackson, Edward"]
[Result "1-0"]
[WhiteElo "2328"]
[BlackElo "2023"]
[PlyCount "71"]
[EventDate "2021.09.10"]
[EventRounds "5"]
[EventCountry "ENG"]

1. Nf3 Nf6 2. g3 d5 3. Bg2 c5 4. O-O Nc6 5. d4 cxd4 6. Nxd4 e5 7. Nxc6 bxc6 8.
c4 Be7 9. Nc3 Be6 10. cxd5 cxd5 11. Bg5 d4 12. Bxf6 Bxf6 13. Nb5 Rb8 14. Nxa7
Qb6 15. Qa4+ Bd7 16. Bc6 Bxc6 17. Nxc6 Qb5 18. Qa7 Rc8 19. Rac1 O-O 20. Qd7 Kh8
21. Nxe5 Qxd7 22. Nxd7 Rfd8 23. Nxf6 gxf6 24. Rfd1 Ra8 25. a3 Rab8 26. b4 Kg7
27. Rc4 Ra8 28. Rd3 h5 29. Kg2 f5 30. Rc5 Kf6 31. Rf3 d3 32. exd3 Rxa3 33.
Rcxf5+ Kg6 34. Rf6+ Kg7 35. Rxf7+ Kg8 36. R7f5  1-0

[Event "26th 4NCL Congress"]
[Site "Woodland Grange, Leamington Spa"]
[Date "2021.09.10"]
[Round "1"]
[Board "8"]
[White "De Coverly, Roger D"]
[Black "Bezuidenhout, Roland"]
[Result "0-1"]
[WhiteElo "2021"]
[BlackElo "2315"]
[PlyCount "84"]
[EventDate "2021.09.10"]
[EventRounds "5"]
[EventCountry "ENG"]

1. Nf3 Nf6 2. g3 d6 3. Bg2 e5 4. O-O Nc6 5. d4 e4 6. Ng5 d5 7. f3 h6 8. Nh3 Bf5
9. Nc3 Qd7 10. Nf4 O-O-O 11. fxe4 dxe4 12. e3 Bg4 13. Qd2 Bb4 14. Qf2 Rde8 15.
h3 Bf3 16. Bxf3 exf3 17. Qxf3 Bxc3 18. bxc3 Ne4 19. Kg2 Rhg8 20. Rb1 Nxc3 21.
Rb3 Ne4 22. Nd3 f6 23. Qh5 b6 24. Qb5 Na5 25. Qa6+ Kd8 26. Rb5 Nd6 27. Rxa5
bxa5 28. Nc5 Qc8 29. Qxa7 Ke7 30. Qxa5 Qa8+ 31. Qxa8 Rxa8 32. a4 Nc4 33. e4 Nb6
34. Ba3 Kf7 35. e5 Nxa4 36. exf6 gxf6 37. Ne4 Rg6 38. h4 Ra6 39. h5 Rg4 40. Re1
Re6 41. Nf2 Rxd4 42. Ra1 Re2  0-1

[Event "26th 4NCL Congress"]
[Site "Woodland Grange, Leamington Spa"]
[Date "2021.09.10"]
[Round "1"]
[Board "9"]
[White "Makkar, Rajat"]
[Black "Sheikh, Anum"]
[Result "1-0"]
[WhiteElo "2300"]
[BlackElo "1990"]
[PlyCount "141"]
[EventDate "2021.09.10"]
[EventRounds "5"]
[EventCountry "ENG"]

1. d4 d5 2. c4 c6 3. cxd5 cxd5 4. Bf4 Nc6 5. e3 Nf6 6. Nc3 a6 7. Bd3 e6 8. Nf3
Be7 9. O-O O-O 10. Rc1 g6 11. a3 Nh5 12. Bh6 Re8 13. b4 Bf6 14. Bb1 Ng7 15. Qb3
Nf5 16. Bxf5 gxf5 17. Bf4 Bd7 18. Na4 b6 19. Rc2 Rc8 20. Rfc1 Kh8 21. Nb2 Rg8
22. Nd3 Qf8 23. Nfe5 Qg7 24. g3 Bxe5 25. Bxe5 Nxe5 26. Nxe5 f6 27. Rxc8 Rxc8
28. Rxc8+ Bxc8 29. Qc3 Bb7 30. Nd3 Qd7 31. Nf4 Kg7 32. b5 axb5 33. Qc7 Qxc7 34.
Nxe6+ Kf7 35. Nxc7 Bc6 36. Na6 Ke6 37. Kg2 Kd6 38. Kf3 Bb7 39. Nb4 Ke7 40. Kf4
Ke6 41. Nc2 Bc6 42. Ne1 Be8 43. Ng2 b4 44. axb4 Bb5 45. Nh4 Bd3 46. h3 Bf1 47.
Nxf5 Bxh3 48. g4 Bf1 49. f3 Bd3 50. e4 Bb1 51. Ne3 Ba2 52. Nd1 Bc4 53. Nc3 Bb3
54. Ke3 h6 55. Nxd5 Bxd5 56. exd5+ Kxd5 57. Kd3 b5 58. f4 Kd6 59. Ke4 Ke6 60.
d5+ Kd6 61. Kf5 Kxd5 62. Kxf6 Kc4 63. g5 hxg5 64. fxg5 Kxb4 65. g6 Kc3 66. g7
b4 67. g8=Q b3 68. Qg6 Kb2 69. Ke5 Ka1 70. Kd4 b2 71. Qa6+  1-0

[Event "26th 4NCL Congress"]
[Site "Woodland Grange, Leamington Spa"]
[Date "2021.09.10"]
[Round "1"]
[Board "10"]
[White "James, Chris"]
[Black "Villiers, Thomas"]
[Result "0-1"]
[WhiteElo "1990"]
[BlackElo "2299"]
[PlyCount "84"]
[EventDate "2021.09.10"]
[EventRounds "5"]
[EventCountry "ENG"]

1. e4 c6 2. d4 d5 3. f3 Qb6 4. Nc3 Nf6 5. Nge2 dxe4 6. fxe4 e5 7. Be3 Bb4 8.
Qd3 Qa5 9. h3 Be6 10. Kf2 Nbd7 11. g3 exd4 12. Bxd4 Ne5 13. Bxe5 Qxe5 14. Rd1
O-O 15. Bg2 Bc5+ 16. Ke1 Bb6 17. Rd2 Rad8 18. Qf3 Qa5 19. a3 Nd7 20. Nf4 Ne5
21. Qe2 Bc4 22. Nd3 Bd4 23. Nd1 Qc7 24. N1f2 Bxb2 25. Kf1 Bxa3 26. Kg1 Bc5 27.
Kh2 Bxf2 28. Qxf2 Bxd3 29. cxd3 Nxd3 30. Qxa7 Nf4 31. Rb2 Nxg2 32. Kxg2 Qe5 33.
Rhb1 Rd3 34. Qf2 Qxe4+ 35. Kh2 b5 36. h4 Rfd8 37. Rf1 Qd5 38. Rc1 Rd2 39. Rxd2
Qxd2 40. Qxd2 Rxd2+ 41. Kh3 Rd6 42. Ra1 h5  0-1

[Event "26th 4NCL Congress"]
[Site "Woodland Grange, Leamington Spa"]
[Date "2021.09.10"]
[Round "1"]
[Board "11"]
[White "Sowray, Peter J"]
[Black "Shearsby, Jude"]
[Result "1-0"]
[WhiteElo "2298"]
[BlackElo "1988"]
[PlyCount "79"]
[EventDate "2021.09.10"]
[EventRounds "5"]
[EventCountry "ENG"]

1. d4 Nf6 2. c4 g6 3. Nc3 Bg7 4. e4 d6 5. f3 O-O 6. Be3 c5 7. Nge2 Nc6 8. d5
Ne5 9. Ng3 e6 10. Be2 exd5 11. cxd5 h5 12. O-O a6 13. a4 h4 14. Nh1 h3 15. g4
Bd7 16. g5 Nh7 17. f4 Re8 18. Ng3 Bc8 19. fxe5 Bxe5 20. Qd2 Qb6 21. Bf3 Bd7 22.
Rfe1 Qd8 23. Rab1 b5 24. axb5 axb5 25. b4 c4 26. Ra1 Qe7 27. Rxa8 Rxa8 28. Nge2
Ra3 29. Kh1 f6 30. Rg1 fxg5 31. Nd4 Qf6 32. Be2 g4 33. Ncxb5 g3 34. hxg3 Ra8
35. Rf1 Qe7 36. Nc6 Bxc6 37. dxc6 c3 38. Qd5+ Kh8 39. c7 Re8 40. Rf7  1-0

[Event "26th 4NCL Congress"]
[Site "Woodland Grange, Leamington Spa"]
[Date "2021.09.10"]
[Round "1"]
[Board "12"]
[White "Gibbs, Dominic V"]
[Black "French, Max"]
[Result "0-1"]
[WhiteElo "1967"]
[BlackElo "2298"]
[PlyCount "104"]
[EventDate "2021.09.10"]
[EventRounds "5"]
[EventCountry "ENG"]

1. e4 c6 2. d4 d5 3. exd5 cxd5 4. c4 Nf6 5. Nc3 Nc6 6. Nf3 g6 7. cxd5 Nxd5 8.
Bc4 Nb6 9. Bb3 Bg7 10. O-O O-O 11. Re1 Bg4 12. d5 Nd4 13. Bg5 Re8 14. Qd3 Bxf3
15. gxf3 Qd7 16. Re4 Qf5 17. Bf4 Rad8 18. Rxd4 Bxd4 19. Qxd4 e5 20. Qe4 Qxf4
21. Qxf4 exf4 22. Rd1 Kg7 23. Rd4 g5 24. Ne4 f5 25. Nc5 Rc8 26. Ne6+ Kf6 27.
Rd1 Nc4 28. Nd4 Ne5 29. d6 a6 30. d7 Nxd7 31. Nxf5 Kxf5 32. Rxd7 Re1+ 33. Kg2
Rcc1 34. Rf7+ Kg6 35. Rxb7 Rg1+ 36. Kh3 Rc6 37. Re7 Rd6 38. Re2 h5 39. Re6+
Rxe6 40. Bxe6 Rb1 41. b3 Rb2 42. Kg2 Rxa2 43. Bc4 Ra1 44. Bd5 a5 45. Bc4 Kf6
46. Bg8 h4 47. Bc4 Ke5 48. Kh3 Rg1 49. Bb5 Kd4 50. Ba6 Kc3 51. Bc4 Kd2 52. Be6
Ke1  0-1

[Event "26th 4NCL Congress"]
[Site "Woodland Grange, Leamington Spa"]
[Date "2021.09.10"]
[Round "1"]
[Board "13"]
[White "Kett, Timothy J"]
[Black "Nandi, Robin J"]
[Result "1-0"]
[WhiteElo "2264"]
[BlackElo "1937"]
[PlyCount "39"]
[EventDate "2021.09.10"]
[EventRounds "5"]
[EventCountry "ENG"]

1. e4 e5 2. f4 exf4 3. Nf3 d6 4. d4 g5 5. g3 fxg3 6. Bxg5 Be7 7. Bxe7 Qxe7 8.
Nc3 Nf6 9. Qe2 Nc6 10. e5 Nh5 11. Nd5 Qd8 12. Nxc7+ Kf8 13. Nxa8 Bg4 14. O-O-O
Nf4 15. Qe4 g2 16. Bxg2 Nxg2 17. Qxg4 Ne3 18. Qf4 Nxd1 19. Rxd1 dxe5 20. Nxe5
1-0
 1-0

[Event "26th 4NCL Congress"]
[Site "Woodland Grange, Leamington Spa"]
[Date "2021.09.10"]
[Round "1"]
[Board "14"]
[White "Sandhu, Manvith"]
[Black "Lalic, Peter D"]
[Result "0-1"]
[WhiteElo "1928"]
[BlackElo "2253"]
[PlyCount "96"]
[EventDate "2021.09.10"]
[EventRounds "5"]
[EventCountry "ENG"]

1. e4 d5 2. exd5 Nf6 3. Nf3 Qxd5 4. Nc3 Qd6 5. d4 a6 6. h3 b5 7. a3 Bb7 8. Be2
e6 9. O-O Nc6 10. Re1 Rd8 11. Be3 Be7 12. Qd2 O-O 13. Rad1 Qd7 14. Ne5 Qc8 15.
Nxc6 Bxc6 16. Qc1 Qb7 17. Bf1 Rfe8 18. Ne2 a5 19. Nf4 b4 20. axb4 Bxb4 21. c3
Bf8 22. Nd3 Ra8 23. Qd2 Reb8 24. Rb1 Be4 25. Bg5 Bg6 26. Bxf6 gxf6 27. Qf4 Kg7
28. h4 Bd6 29. Qg4 Kh8 30. Rbd1 Rg8 31. Qe2 Rg7 32. g3 Rag8 33. Bg2 Qb3 34. Qf3
Bf5 35. Rd2 Bxg3 36. Nc5 Bh2+ 37. Kxh2 Rxg2+ 38. Qxg2 Rxg2+ 39. Kxg2 Qd5+ 40.
f3 Qd6 41. Ne4 Qf4 42. Rde2 Qxh4 43. Rh1 Qf4 44. Ng3 Bg6 45. Ra1 Qg5 46. Kf2
Kg7 47. Ne4 Qb5 48. Ke3 e5  0-1

[Event "26th 4NCL Congress"]
[Site "Woodland Grange, Leamington Spa"]
[Date "2021.09.10"]
[Round "1"]
[Board "15"]
[White "Modi, Shyam Jagdish"]
[Black "Miller, George I"]
[Result "1-0"]
[WhiteElo "2249"]
[BlackElo "1915"]
[PlyCount "67"]
[EventDate "2021.09.10"]
[EventRounds "5"]
[EventCountry "ENG"]

1. d4 d5 2. Nf3 e6 3. c4 c5 4. cxd5 exd5 5. g3 Nc6 6. Nc3 Nf6 7. Bg2 cxd4 8.
Nxd4 Qb6 9. Nxc6 bxc6 10. O-O Be7 11. e4 Bg4 12. Qa4 d4 13. Nd5 Nxd5 14. exd5
O-O 15. Re1 Bb4 16. Re4 Bf5 17. Re5 Bd3 18. dxc6 Rae8 19. Bf4 Rxe5 20. Bxe5 Bc5
21. Qb3 Re8 22. Qxd3 Rxe5 23. Rb1 a5 24. h3 g6 25. a3 Bd6 26. Kh2 Rf5 27. Kg1
h5 28. Be4 Rb5 29. Bxg6 Qc7 30. Be4 Qb6 31. Rc1 Rb3 32. Qd1 Qd8 33. Qxh5 Bxg3
34. Qg4+  1-0

[Event "26th 4NCL Congress"]
[Site "Woodland Grange, Leamington Spa"]
[Date "2021.09.10"]
[Round "1"]
[Board "16"]
[White "Saunders, Aron"]
[Black "Carroll, Thomas"]
[Result "1/2-1/2"]
[WhiteElo "1908"]
[BlackElo "2223"]
[PlyCount "149"]
[EventDate "2021.09.10"]
[EventRounds "5"]
[EventCountry "ENG"]

1. e4 c5 2. c3 d5 3. exd5 Qxd5 4. Nf3 Nf6 5. d4 Bg4 6. Be2 Nc6 7. Be3 cxd4 8.
cxd4 e6 9. Nc3 Qd6 10. O-O Be7 11. h3 Bh5 12. Rc1 O-O 13. Qb3 Qb4 14. Qxb4 Nxb4
15. g4 Bg6 16. Ne5 Rac8 17. Bf3 Nfd5 18. a3 Nxc3 19. Rxc3 Rxc3 20. bxc3 Nd5 21.
c4 Nxe3 22. fxe3 b6 23. d5 Bc5 24. dxe6 Bxe3+ 25. Kg2 fxe6 26. Nxg6 hxg6 27.
Be4 Rxf1 28. Kxf1 Kf7 29. Ke2 Bc1 30. a4 g5 31. Kd3 Ke7 32. Bc6 Kd6 33. Bb5 Ke5
34. Bd7 Kd6 35. Bb5 Bb2 36. Ke4 Kc5 37. Ba6 Kd6 38. Bb5 Bc1 39. Ba6 Bf4 40. Bb5
Bg3 41. Ba6 Kc5 42. Bb5 Kb4 43. Kd4 Kb3 44. Kd3 Bh2 45. Kd4 Kb4 46. Kd3 Bg1 47.
Ke4 Ka5 48. Bd7 Kb4 49. Bb5 Bh2 50. Kd4 Kb3 51. Kd3 Kb2 52. Bd7 e5 53. Ke4 Kc3
54. Bb5 Kb4 55. Kd5 Bf4 56. Ke4 Kc3 57. Ba6 Kd2 58. Bb5 Bh2 59. Ba6 Ke1 60. Kf3
Bg1 61. Bb5 Bc5 62. Ke4 Bd6 63. Kf3 Be7 64. Ke4 Bd6 65. Kf3 Kd2 66. Ke4 Bc7 67.
Ba6 Ke1 68. Kf3 Kf1 69. c5+ Kg1 70. cxb6 axb6 71. Ke4 Kg2 72. Bc8 Kxh3 73. Bd7
Kg2 74. Be6 Kf2 75. Bd7  1/2-1/2

[Event "26th 4NCL Congress"]
[Site "Woodland Grange, Leamington Spa"]
[Date "2021.09.10"]
[Round "1"]
[Board "17"]
[White "Okhai, Shabir"]
[Black "Li, Ethan Bingxuan"]
[Result "1-0"]
[WhiteElo "2215"]
[BlackElo "1858"]
[PlyCount "79"]
[EventDate "2021.09.10"]
[EventRounds "5"]
[EventCountry "ENG"]

1. e4 c5 2. Nf3 Nc6 3. Bb5 g6 4. Bxc6 dxc6 5. d3 Bg4 6. Bd2 Bg7 7. Bc3 Nf6 8.
h3 Bxf3 9. Qxf3 O-O 10. O-O Qc7 11. Nd2 e5 12. a4 a5 13. Nc4 Nh5 14. g3 b6 15.
Kh2 Rae8 16. Rae1 Bh8 17. Ne3 Qe7 18. Bd2 f6 19. Nf5 gxf5 20. Qxh5 fxe4 21.
dxe4 Rd8 22. Bc3 Qf7 23. Qe2 Qe6 24. f4 Bg7 25. f5 Qf7 26. Rd1 Bh6 27. b3 Kh8
28. Rd3 Qg7 29. Rfd1 Rxd3 30. Rxd3 Rg8 31. Be1 Bf4 32. Qf1 Bh6 33. Rd6 Be3 34.
Qf3 Bd4 35. c3 Qg5 36. cxd4 Qc1 37. Bf2 exd4 38. Rxf6 Rd8 39. Rf7 Qf1 40. Bxd4+
 1-0

[Event "26th 4NCL Congress"]
[Site "Woodland Grange, Leamington Spa"]
[Date "2021.09.10"]
[Round "1"]
[Board "18"]
[White "Clarke, James"]
[Black "Holt, Philip J"]
[Result "1-0"]
[WhiteElo "1833"]
[BlackElo "2207"]
[PlyCount "85"]
[EventDate "2021.09.10"]
[EventRounds "5"]
[EventCountry "ENG"]

1. e4 d6 2. d4 g6 3. Bd3 Bg7 4. c3 Nf6 5. Nf3 O-O 6. O-O Nbd7 7. Re1 e5 8. h3
c6 9. a4 Re8 10. Na3 a5 11. Bg5 h6 12. Bh4 Qc7 13. Bg3 Nh5 14. Bh2 Nb6 15. Nc2
Be6 16. Ne3 Rad8 17. Qc2 Nf4 18. Bf1 Qe7 19. Rad1 Qf6 20. b4 Nxh3+ 21. Kh1 Nf4
22. bxa5 Na8 23. Qb2 Bc8 24. Nc4 g5 25. dxe5 dxe5 26. Nfxe5 Qe7 27. Rxd8 Rxd8
28. Nf3 Nd3 29. Bxd3 Rxd3 30. Nfe5 Rd8 31. a6 f6 32. Ng6 Qc5 33. axb7 Bxb7 34.
Qxb7 Qxc4 35. Ne7+ Kf8 36. Nxc6 Re8 37. Bd6+ Kg8 38. Ne7+ Kh8 39. Nf5 Qg8 40.
c4 Bf8 41. c5 Bxd6 42. cxd6 Rb8 43. Qe7 1-0
 1-0

[Event "26th 4NCL Congress"]
[Site "Woodland Grange, Leamington Spa"]
[Date "2021.09.10"]
[Round "1"]
[Board "19"]
[White "Yoon, Jacob D"]
[Black "Kumar, Sanjit S"]
[Result "1-0"]
[WhiteElo "2199"]
[BlackElo "1818"]
[PlyCount "53"]
[EventDate "2021.09.10"]
[EventRounds "5"]
[EventCountry "ENG"]

1. e4 e5 2. Nf3 Nc6 3. c3 d5 4. Qa4 Bd7 5. exd5 Nd4 6. Qd1 Nxf3+ 7. Qxf3 Nf6 8.
c4 Bc5 9. Nc3 Bd4 10. d3 Ng4 11. Be3 Nxe3 12. fxe3 Bxc3+ 13. bxc3 O-O 14. Be2
Qe7 15. O-O Rae8 16. e4 b5 17. Qe3 bxc4 18. dxc4 Qa3 19. c5 Rb8 20. c6 Bc8 21.
h4 Rb6 22. h5 Ba6 23. h6 g6 24. Qg5 f6 25. Rxf6 Bxe2 26. Rxg6+ Kf7 27. Qf5+  1-0

[Event "26th 4NCL Congress"]
[Site "Woodland Grange, Leamington Spa"]
[Date "2021.09.10"]
[Round "1"]
[Board "20"]
[White "Pal, Rohan"]
[Black "Dias, Savin"]
[Result "1/2-1/2"]
[WhiteElo "1803"]
[BlackElo "2155"]
[PlyCount "204"]
[EventDate "2021.09.10"]
[EventRounds "5"]
[EventCountry "ENG"]

1. e4 c5 2. Nf3 Nc6 3. Bb5 g6 4. O-O Bg7 5. c3 a6 6. Ba4 b5 7. Bc2 e5 8. b4
cxb4 9. d4 bxc3 10. dxe5 Bb7 11. Ng5 Nxe5 12. f4 Nc4 13. f5 Nh6 14. Qf3 Nxf5
15. Nxf7 Kxf7 16. Qf2 Rf8 17. Na3 Kg8 18. exf5 d5 19. Nxc4 dxc4 20. Qg3 gxf5
21. Bxf5 Qd5 22. Qh3 Qxg2+ 23. Qxg2 Bxg2 24. Kxg2 c2 25. Be6+ Kh8 26. Ba3 Rxf1
27. Rxf1 a5 28. Rf2 Re8 29. Bf7 Re3 30. Bc1 Rc3 31. Rf3 a4 32. Rxc3 Bxc3 33. a3
Kg7 34. Bd5 h6 35. Be4 b4 36. axb4 Bxb4 37. Bxc2 a3 38. Bb1 Bf8 39. Kf3 Kf6 40.
Ke4 Kg6 41. Kd4+ Kh5 42. Bf4 Kg4 43. Bg3 h5 44. Kxc4 h4 45. Bb8 Kf3 46. Kb3 Bc5
47. Bf5 Kg2 48. h3 Kf3 49. Bc7 Be7 50. Be5 Ke3 51. Kc4 Kf3 52. Kd3 Kg2 53. Ke4
a2 54. Kd3 Bc5 55. Kc2 Bd6 56. Ba1 Kg3 57. Kb3 Kf4 58. Bg4 Kg5 59. Kxa2 Kg6 60.
Kb3 Bg3 61. Kc4 Be1 62. Kd4 Bf2+ 63. Ke4 Bc5 64. Be5 Bb4 65. Bf5+ Kh5 66. Bf6
Be1 67. Kd5 Kh6 68. Ke6 Bf2 69. Kf7 Be1 70. Bg6 Bf2 71. Be5 Bg3 72. Bf6 Bf2 73.
Bf5 Be1 74. Be7 Bf2 75. Ke6 Be1 76. Bf8+ Kg5 77. Bg4 Kg6 78. Be7 Bf2 79. Ke5
Be1 80. Bf5+ Kg7 81. Kf4 Bd2+ 82. Kg4 Be1 83. Kh5 Bf2 84. Bg6 Be1 85. Bc5 Bg3
86. Bd4+ Kg8 87. Kh6 Bf4+ 88. Kh5 Bg3 89. Be4 Be1 90. Kg6 Kf8 91. Bc5+ Ke8 92.
Bc6+ Kd8 93. Kh5 Bg3 94. Bd4 Ke7 95. Kg6 Kd6 96. Bb7 Kc7 97. Bf6 Kd7 98. Bc6+
Kxc6 99. Kh5 Kd7 100. Bxh4 Bxh4 101. Kxh4 Ke7 102. Kh5 Kf7 1/2-1/2
 1/2-1/2

[Event "26th 4NCL Congress"]
[Site "Woodland Grange, Leamington Spa"]
[Date "2021.09.10"]
[Round "1"]
[Board "21"]
[White "Pollack, Oscar"]
[Black "Prince, Alan R"]
[Result "0-1"]
[WhiteElo "2145"]
[BlackElo "1765"]
[PlyCount "0"]
[EventDate "2021.09.10"]
[EventRounds "5"]
[EventCountry "ENG"]

1. Nf3 Nf6 2. g3 g6 3. Bg2 Bg7 4. d4 d6 5. c4 O-O 6. Nc3 Nbd7 7. O-O e5 8. e4
a6 9. Re1 exd4 10. Nxd4 Ng4 11. h3 Qf6 12. Nf3 Nge5 13. Nd5 Nxf3+ 14. Bxf3 Qd8
15. Bg2 Ne5 16. Qc2 Be6 17. Be3 Nxc4 18. Qxc4 c6 19. Qb4 cxd5 20. exd5 Bf5 21.
g4 Bd3 22. Bb6 a5 23. Qa3 a4 24. Qb4 Qd7 25. Re3 Qb5 26. Qxb5 Bxb5 27. Re7 a3
28. Rxb7 axb2 29. Rd1 Bd3 30. Bc7 Bc2 31. Rf1 Rxa2 32. Bxd6 Ra1 33. Bxf8 Rxf1+
34. Bxf1 Kxf8 35. d6 b1=Q 36. Rxb1 Bxb1 37. f4 Bd4+ 38. Kg2 Be4+ 39. Kg3 Bc6
40. h4 Bc5 41. f5 Bxd6+ 0-1
 0-1